Texas Tech Quiz Stats

Quiz not verified by Sporcle

Challenge
Share
Tweet
Embed
Score 0/26 Timer 10:00
0 Plays Today
Hint Answer % Correct
ColorScarlet
95.9%
RivalTexas Longhorns
95.9%
City LocatedLubbock, Texas
87.6%
ColorBlack
86.2%
Present ConferenceBig 12
77.9%
RivalBaylor Bears
77.9%
NicknameRed Raiders
77.2%
Abbr.TTU
75.9%
RivalTexas A&M Aggies
75.9%
Year Founded1923
74.5%
Womens NicknameLady Raiders
74.5%
MascotRaider Red
73.8%
NameTexas Tech University
71%
Hint Answer % Correct
MascotMasked Rider
66.2%
Football Stadium NameJones AT&T Stadium
64.8%
Band NameGoin' Band From Raiderland
64.1%
Current Head CoachKliff Kingsbury
58.6%
Basketball ArenaUnited Spirit Arena
57.9%
Second ConferenceSouthwest Conference
50.3%
Baseball FieldDan Law Field
42.1%
Fight SongFight, Raiders, Fight
42.1%
Current Starting QuarterbackBaker Mayfield
35.9%
Former NameTexas Technological College
30.3%
MottoFrom Here, It's Possible
25.5%
First ConferenceBorder Conference
21.4%
PresidentDuane Nellis
13.1%

You're not logged in!

Compare scores with friends on all Sporcle quizzes.
Join for Free
OR
Log In

You Might Also Like...

Show Comments

Extras

Created Sep 14, 2013ReportNominate
Tags:University Quiz, tech

Top Quizzes Today


Score Distribution

Your Account Isn't Verified!

In order to create a playlist on Sporcle, you need to verify the email address you used during registration. Go to your Sporcle Settings to finish the process.

Report this User

Report this user for behavior that violates our Community Guidelines.

Details: